[Event "Naukograd Koltsovo op"]
[Site "Novosibirsk"]
[Date "2009.07.01"]
[Round "4"]
[White "Alltukhov, Yuri"]
[Black "Shevchenko, Vitaly"]
[Result "1/2-1/2"]
[WhiteElo "2063"]
[BlackElo "2110"]
[PlyCount "84"]
[EventDate "2009.06.28"]
[EventType "swiss"]
[EventRounds "9"]
[EventCountry "RUS"]
[SourceTitle "EXT 2021"]
[Source "ChessBase"]
[SourceDate "2020.10.23"]
[SourceVersion "1"]
[SourceVersionDate "2020.10.23"]
[SourceQuality "1"]

1. d4 c5 2. d5 e6 3. c4 exd5 4. cxd5 d6 5. Nc3 Ne7 6. Nf3 Ng6 7. e3 Be7 8. Be2 0-0 9. b3 f5 10. g3 Bf6 11. Bb2 Qa5 12. Qd2 Nd7 13. 0-0 Nde5 14. Nxe5 Bxe5 15. f4 Bf6 16. Rad1 Bd7 17. Ne4 Qxd2 18. Nxf6+ Rxf6 19. Rxd2 Rff8 20. Re1 b5 21. Bf3 Ne7 22. h3 Rac8 23. Kf2 a5 24. Rc1 b4 25. g4 a4 26. bxa4 c4 27. Rd4 c3 28. Ba1 Rc5 29. Rxb4 Nxd5 30. Rd4 Nf6 31. g5 Ne4+ 32. Bxe4 fxe4 33. Rxd6 Bxh3 34. Rxc3 Rxg5 35. Rc1 Rg2+ 36. Ke1 h5 37. Bd4 Rxa2 38. Rc7 Rb8 39. Rxg7+ Kf8 40. Rf6+ Kxg7 41. Rb6+ Kf7 42. Rxb8 Rxa4 1/2-1/2

[Event "Koltsovo Naukograd op"]
[Site "Koltsovo"]
[Date "2008.06.29"]
[Round "2"]
[White "Kozhevnikov, Evgraf"]
[Black "Alltukhov, Yuri"]
[Result "0-1"]
[WhiteElo "1956"]
[BlackElo "2063"]
[PlyCount "94"]
[EventDate "2008.06.28"]
[EventType "swiss"]
[EventRounds "9"]
[EventCountry "RUS"]
[SourceTitle "EXT 2022"]
[Source "ChessBase"]
[SourceDate "2021.10.06"]
[SourceVersion "1"]
[SourceVersionDate "2021.10.06"]
[SourceQuality "1"]

1. e4 c5 2. Nf3 d6 3. d4 cxd4 4. Nxd4 Nf6 5. Nc3 Nc6 6. Be2 e6 7. 0-0 Be7 8. Kh1 0-0 9. f4 Qb6 10. Nb3 a5 11. a4 Nb4 12. Bf3 Rd8 13. Qe2 Bd7 14. Be3 Qc7 15. Nd4 e5 16. Ndb5 Bxb5 17. axb5 exf4 18. Bxf4 Nd7 19. Nd5 Nxd5 20. exd5 Bf6 21. c3 Re8 22. Qc2 Ne5 23. Be4 Ng6 24. Bg3 Be5 25. Bxe5 Rxe5 26. c4 Rae8 27. Bf3 b6 28. b3 Qe7 29. Qc3 Nh4 30. Qd4 Qd8 31. Rab1 Nf5 32. Qf2 Ne3 33. Rg1 g6 34. g4 Qg5 35. Qg3 Nc2 36. Rg2 Nd4 37. Rf1 Re3 38. h4 Qe7 39. Rgf2 Rxb3 40. h5 Re3 41. Qf4 Qe5 42. Bg2 Qxf4 43. Rxf4 Ne2 44. Rxf7 Ng3+ 45. Kg1 Nxf1 46. hxg6 hxg6 47. Rf6 Nd2 0-1